000 00487nam a2200193Ia 4500
005 20240823043518.0
008 240823s9999||||xx |||||||||||||| ||und||
020 _a978-81-908993-6-9
041 _aENGLISH
082 _A530 Q0
100 _aKottiswaran N
245 0 _aEngineering Mechanics statics and Dynamics
250 _a5th
260 _c2010
_b"Sri Balaji Publications,Coimb"
500 _aTRANSFERED
650 _aMechanics
_bMechanical
942 _cBK
999 _c210401
_d210401